Statistics for Homestuck characters last names

Click here to take the quiz!

General Stats

  • This quiz has been taken 1,382 times
  • The average score is 14 of 20

Answer Stats

HintAnswer% Correct
JohnEgbert
97%
DirkStrider
97%
DaveStrider
97%
RoseLalonde
92%
RoxyLalonde
92%
JadeHarley
85%
KarkatVantas
85%
SolluxCaptor
77%
TavrosNitram
72%
TereziPyrope
67%
VriskaSerket
66%
NepetaLeijon
62%
AradiaMegido
62%
KanayaMaryam
59%
GamzeeMakara
58%
JakeEnglish
57%
JaneCrocker
55%
EridanAmpora
49%
EquiusZahhak
47%
FeferiPeixes
39%

Score Distribution

Percentile by Number Answered

Percent of People with Each Score

Your Score History

You have not taken this quiz